Principios de economía: Macro
Na minha lista:
| Autor principal: | |
|---|---|
| Formato: | Livro |
| Idioma: | espanhol |
| Publicado em: |
Ciudad de México
Continental
1981
|
| Assuntos: | |
| Tags: |
Adicionar Tag
Sem tags, seja o primeiro a adicionar uma tag!
|
MARC
| LEADER | 00000nam a2200000 a 4500 | ||
|---|---|---|---|
| 001 | UCU2508 | ||
| 003 | CL-VaPUC | ||
| 008 | 960426e19810200MX |||||||||||||||||spa|d | ||
| 082 | 0 | 4 | |a 339 |b PET |2 21 |
| 100 | 0 | |a Peterson, Willis L |e author |9 358708 | |
| 245 | 1 | 0 | |a Principios de economía: Macro |
| 300 | |a 321 p | ||
| 942 | |c BK | ||
| 945 | |d 19960426 00:00:00 |a cmena | ||
| 260 | |a Ciudad de México |b Continental |c 1981 | ||
| 650 | 0 | |a Economía |9 255568 | |
| 650 | 0 | |a Macroeconomía |9 260301 | |
| 650 | 0 | |a Política económica |9 255029 | |
| 650 | 0 | |a Trabajo y empleo |9 315054 | |
| 650 | 0 | |a Pobreza |9 258652 | |
| 650 | 7 | |a COMERCIO INTERNACIONAL |2 CL-VaPUC |9 358709 | |
| 650 | 0 | |a Desarrollo económico y social |9 256320 | |
| 583 | |a last modification |c 19960426 00:00:00 |k Rodrigo Vera | ||
| 999 | |c 246782 |d 246780 | ||
| 952 | |0 0 |1 0 |4 0 |6 339_000000000000000_PET_1981 |7 0 |8 A |9 261994 |a BIBING |b BIBING |d 2019-11-19 |i 1644076 |o 339 PET 1981 |p 1644076 |r 2025-01-20 |w 2019-11-19 |y BK |k TRA | ||
| 952 | |0 0 |1 0 |4 0 |6 339_000000000000000_PET_1981 |7 0 |8 A |9 261995 |a BIBENE |b BIBENE |d 2019-11-19 |i 1999001 |o 339 PET 1981 |p 1999001 |r 2025-01-15 |w 2019-11-19 |y BK |k ICO | ||